000 00464nam a2200181Ia 4500
001 18053
005 20260306171602.0
008 260306s9999||||xx |||||||||||||| ||und||
041 _aESP
082 _a658.4
_bF81
100 _aFrancés, Antonio
_eAUT
245 0 _aEstrategia y planes para la empresa:
_bcon el cuadro de mando integral
260 _c2006
300 _a512 páginas :
_c27 cm.
650 _aGEN
654 _aCAN
942 _cLIB
_dJUS
_fJUS
_2ddc
_n
999 _c18053
_d18053